Ekonomické výpočty v řídící praxi

Na minha lista:
Detalhes bibliográficos
Main Authors: Vysušil, Jiří, 1927-2002, Macík, Karel (Author), Freiberg, František (Author)
Formato: Livro
Idioma:tcheco
Publicado em: Praha Institut řízení 1989
Edição:Vyd. 1.
Acesso em linha:View in OPAC
Tags: Adicionar Tag
Sem tags, seja o primeiro a adicionar uma tag!

MARC

LEADER 00000nam a2200000 a 4500
005 20260127134254.0
008 000508s1989 cs a gr 001 m cze c
020 |a 8070140100  |c 61.00 
035 |a vtls008476367 
035 |a SAVUKc051409 
039 9 |a 200809161021  |b mschk03  |y 200602030116  |z VLOAD 
040 |a SAVUK  |b slo  |c SNK  |e AACR2  |d STUSCHK1 
041 1 |a cze 
044 |a cs  |c CS 
080 |a 330.4 
100 1 |a Vysušil, Jiří,  |d 1927-2002  |9 1096 
245 1 0 |a Ekonomické výpočty v řídící praxi  |c Jiří Vysušil, Karel Macík, František Freiberg 
250 |a Vyd. 1. 
260 |a Praha  |b Institut řízení  |c 1989 
300 |a 456 s.  |b tab., grafy 
504 |a Lit., reg. 
700 1 |a Macík, Karel  |4 aut 
700 1 |a Freiberg, František  |4 aut  |9 410 
910 |a savuk 
910 |a SCHK95 
919 |a 80-7014-010-0 
999 |c 8422  |d 8422